000 00599nam a2200241Ia 4500
003 OSt
005 20220918193210.0
006 a|||||r|||| 00| 0
007 ta
008 220917b |||||||| |||| 00| 0 eng d
024 _a72,237
037 _cTextual
040 _aARTS
_cARTS
_beng
041 _2eng
_aeng
082 _aR412, N2
100 _aHill Thomas E
_981221
245 0 _aAutonomy and self-respect
260 _aCambridge
_bCUP
_c1991
300 _aix,218p.
_ccm.
650 _aETHICS
942 _hR412, N2
_cTEXL
_2CC
999 _c198241
_d198241